ბათუმის შოთა რუსთაველის სახელმწიფო უნივერსიტეტის ბიბლიოთეკა

ბუნების დაცვის საფუძვლები. (ბიბ.ჩანაწერი № 44400)

000 -LEADER
fixed length control field 00826nam a2200229Ia 4500
001 - CONTROL NUMBER
control field 11165
003 - CONTROL NUMBER IDENTIFIER
control field GE_BSU
008 - FIXED-LENGTH DATA ELEMENTS--GENERAL INFORMATION
fixed length control field 181216s||||||||xx |||||||||||||| ||und||
040 ## - CATALOGING SOURCE
Transcribing agency GE_BSU
080 ## - UNIVERSAL DECIMAL CLASSIFICATION NUMBER
Universal Decimal Classification number 502.1(075.8)
100 ## - MAIN ENTRY--PERSONAL NAME
Personal name გულისაშვილი,ვ
245 ## - TITLE STATEMENT
Title ბუნების დაცვის საფუძვლები.
245 ## - TITLE STATEMENT
Remainder of title სახელმძღვ.უმაღლ.სასწავლებლების სტუდენტებისათვის.
245 ## - TITLE STATEMENT
Statement of responsibility, etc. რედ:ვ.ფანჩულიძე.
260 ## - PUBLICATION, DISTRIBUTION, ETC.
Place of publication, distribution, etc. თბილისი.
260 ## - PUBLICATION, DISTRIBUTION, ETC.
Name of publisher, distributor, etc. განათლება.
260 ## - PUBLICATION, DISTRIBUTION, ETC.
Date of publication, distribution, etc. 1983.
300 ## - PHYSICAL DESCRIPTION
Extent 298გვ;22სმ.
300 ## - PHYSICAL DESCRIPTION
Accompanying material ილ;
653 ## - INDEX TERM--UNCONTROLLED
Uncontrolled term ბუნების დაცვის საფუძვლები.
942 ## - ADDED ENTRY ELEMENTS (KOHA)
Koha item type წიგნი
ეგზემპლარები
Withdrawn status Lost status Damaged status Not for loan Date acquired Barcode Date last seen Price effective from Koha item type
        2018-12-17 19237 2018-12-17 2018-12-17 წიგნი
        2018-12-17 19238 2018-12-17 2018-12-17 წიგნი
        2018-12-17 19239 2018-12-17 2018-12-17 წიგნი
        2018-12-17 19240 2018-12-17 2018-12-17 წიგნი
        2018-12-17 19241 2018-12-17 2018-12-17 წიგნი